Guess the Clubs on the List - Statistics

General Stats
  • This quiz has been taken 16 times
  • The average score is 13 of 50
Answer Stats
Hint Answer % Correct
. Barcelona
100%
. Real Madrid
94%
. Bayern Munich
81%
. Liverpool
81%
. Chelsea
75%
. Manchester City
75%
. Manchester United
75%
. Arsenal
69%
. Atletico Madrid
63%
. AC Milan
56%
. PSG
56%
. Tottenham Hotspur
56%
. Inter Milan
44%
. Dortmund
31%
. Lyon
31%
. Leeds United
25%
. Leicester City
25%
. Leverkusen
25%
. Newcastle
25%
. West Ham United
25%
. Celtic
19%
. Galatasaray
19%
. Marseille
19%
. Nottingham Forest
19%
. Rangers
19%
. Crystal Palace
13%
. Southampton
13%
. Valencia
13%
. Fenerbahce
6%
. Girona
6%
. Parma
6%
. Trabzonspor
6%
. VFB Stuttgart
6%
. Almeria
0%
. Atalanta
0%
. Athletic Club
0%
. Birmingham City
0%
. Bologna
0%
. Bologna
0%
. Brest
0%
. Deportivo Alaves
0%
. Derby County
0%
. Hellas Verona
0%
. Luton Town
0%
. Mainz
0%
. Salernitana
0%
. Sheffield Wednesday
0%
. Stoke CIty
0%
. Torino
0%
. Union Berlin
0%
No matching quizzes found
Score Distribution
Percent of People with Each Score
Percentile by Number Answered
Your Score History
You have not taken this quiz